| 000 | 01058nam a2200241 a 4500 | ||
|---|---|---|---|
| 001 | 1491 | ||
| 003 | BR-CuiBMT | ||
| 005 | 20231214124846.0 | ||
| 008 | 231212s2020 goba 000 0 por d | ||
| 040 |
_aBR-CuiBMT _cBR-CuiBMT |
||
| 080 |
_22007 _a347.991:616-036.21 |
||
| 090 |
_a347.991:616-036.21 _bC764 |
||
| 245 | 0 | 0 |
_aContribuição ao sistema Tribunais de contas em tempos de coronavirus : _bpareceres técnicos das comissões especiais - CNPTC / _cPriscila Kelly F. P. Borges (coordenação.). |
| 260 |
_aGoiânia : _bCNPTC, _c2020. |
||
| 300 |
_a174 p. : _bil. _c27 cm |
||
| 500 | _aEsta obra apresenta estudos e pesquisas sobre temas relevantes no período da pandemia do coronavírus, oferecendo possíveis soluções para a atuação do controle externo coerentes com a atipicidade do momento. Também disponível na página do CNPTC na Internet. | ||
| 504 | _aInclui bibliografia. | ||
| 650 | _aControle externo | ||
| 650 | _aCovid-19 | ||
| 650 | _aTribunais de contas | ||
| 700 |
_aBorges, Priscila Kelly F. P. _4coord. |
||
| 942 |
_2udc _cLV |
||
| 999 |
_c1491 _d1491 |
||